000 00363nam a2200145 i 4500
001 bg
100 1 _aKRYGIER, T.
245 0 _aŻywienie w chorobach przewodu pokarmowego /
_cT. Krygier, Z. Zawistowska.
260 _aWarszawa,
_c1986.
700 1 _aZAWISTOWSKA, Z.
040 _cBPK
041 _apol
942 _cKS
008 s pl f |000 0 pol
999 _c2734
_d2734
856 _uhttp://koha.tu.koszalin.pl/cgi-bin/koha/opac-detail.pl?biblionumber=2734
_yKatalog online BPK